000 00397nam a2200169Ia 4500
100 _aForouzan/B.A
650 _aDatacommunications
250 _a4
942 _cBK
366 _f20
654 _adatacommunications
245 _aDatacommunications and networking
260 _bMcGraw Hill International
_aNew Delhi
_c2006
082 _a004.6/FOR
_bFOR
300 _a1134
546 _aENGLISH
999 _c32841
_d32841